Norte alentejano = Northern Alentejo (Registo nº 199500)

Detalhes MARC
000 -Etiqueta do registo
Valores 00798nam 22002413 4500
010 ## - Número ISBN
ISBN 972-95897-4-7
021 ## - Número do Depósito Legal
Código do país Portugal
Número 137026/99
100 ## - Dados gerais de processamento
Dados gerais 20251212d u||y0pory50 ba
200 ## - Titulo e menção de responsabilidade
Título próprio Norte alentejano = Northern Alentejo
Primeira menção de responsabilidade texto José Manuel Fernandes
Outras menções de responsabilidade fotografia Maurício Abreu
205 ## - Menção da edição
Edição
210 ## - Publicação
Local de publicação Setúbal
Nome do editor M. Abreu
Data de publicação 1999
215 ## - Descrição física 
Paginação / Volumes 88 p.
Outras indicações físicas fot. ; brochado
Dimensões 23
300 ## - Notas gerais 
Texto da nota . - Alto Alentejo : Avis, Portalegre, Campo Maior e Nisa
305 ## - Nota relativa à edição da publicação
Texto da nota . - Ed. bilingue em português e inglês <br/><br/>
606 ## - Nome comum usado como assunto
ID Autoridade 4514
Palavra de ordem Monografias Regionais
Subdivisão assunto Alentejo
675 ## - CDU
Notação 908(469.5)
Edição PT
Língua por
700 ## - Autor principal (pessoa individual)
ID Autoridade 11044
Apelido Fernandes
Nome José Manuel
701 ## - Co-autor principal (pessoa individual)
ID Autoridade 9350
Apelido Abreu
Nome Maurício
Datas 1954 -
801 ## - Fonte de origem
País PT
Agência BMMN
Regras de catalogação RPC
830 ## - Notas gerais do catalogador
Criado por Ana
Indexado por Ana
990 ## - Elementos KOHA
Tipo de documento Livro
Exemplares
Situação do levantamento Biblioteca de origem Código de barras Cota Permissão de empréstimo Tipo de documento Forma de aquisição
  Biblioteca Municipal de Montemor-o-Novo 28361 908 ABR|FLR   Livro Oferta

Powered by Koha